Statistiken für Allgemeinwissen Teil1

Klicken Sie hier um das Quiz zu spielen!

Allgemein

  • Dieses Quiz wurde 5.797 mal gespielt
    (5.084 seit der letzten Aktualisierung)
  • Das Durchschnittsergebnis liegt bei 9 aus 15

Antwortstatistiken

HintAntwort% Korrekt
5*735
94%
Hauptstadt von DeutschlandBerlin
88%
Größtes Land der WeltRussland
87%
Hauptstadt von ÖsterreichWien
83%
Summenformel von WasserH2O
77%
Gründer TeslaElon Musk
72%
Symbol von GoldAu
71%
Meistverkauftes Buch weltweitBibel
68%
Symbol von EisenFe
68%
Name des ersten Bunderskanzlers DeutschlandsKonrad Adenauer
57%
45. Präsident der USADonald Trump
39%
Wie lauten die ersten 6 führende Ziffern von pi?3,14159
34%
Wann war die deutsche Wiedervereinigung03.10.1990
12%
Wann endete der 2. Weltkrieg02.09.1945
5%
Wie groß ist der Hyperfeinstrukturübergang im Caesium-Atom 133Cs?9 192 631 770Hz
2%

Verteilung der Resultate

Perzentil nach korrekt beantworteten Fragen

Anzahl Personen mit jedem Resultat

Ihre Resultats-Entwicklung

Sie haben dieses Quiz seit der letzten Aktualisierung nicht gespielt